Clash of Clans Armee - Hauptdorf - Statistiken

Allgemein
  • Dieses Quiz wurde 92 mal gespielt
  • Das Durchschnittsergebnis liegt bei 39 aus 82
Antwortstatistiken
Kaserne % Korrekt
Barbar
96%
Bogenschütze
96%
Drache
95%
Riese
92%
Barbarenkönig
89%
Bogenschützenkönigin
88%
Kobold
88%
Magier
86%
Mauerbrecher
86%
Schweinereiter
84%
Golem
82%
Ballon
80%
Lakai
80%
Elektrodrache
78%
Hexe
74%
P.E.K.K.A.
72%
Heilzauber
71%
Wutzauber
71%
Blitzzauber
70%
Walküre
68%
Großer Wächter
66%
Lavahund
64%
Heiler
63%
Frostzauber
59%
Drachenbaby
58%
Giftzauber
58%
Superbarbar
58%
Eisgolem
57%
Schleichkobold
57%
Sprungzauber
57%
Tunnelgräber
57%
Erdbebenzauber
55%
Superdrache
54%
Super-Bogenschütze
53%
Super-Mauerbrecher
53%
Bowler
51%
Fledermauszauber
51%
königliche Gladiatorin
49%
Superriese
47%
Yeti
47%
Klonzauber
46%
Skelettzauber
45%
Eilzauber
41%
Supermagier
41%
Drachenreiter
39%
Infernodrache
39%
Rückrufzauber
39%
Superhexe
39%
Einhorn
38%
Superschweinereiter
38%
Eishund
37%
Eismagier
37%
Raketenballon
33%
Superbowler
33%
Superlakai
33%
Unsichtbarkeitszauber
33%
Wächterlehrling
33%
Elektrotitanin
32%
Superwalküre
32%
Kampfholzwerfer
29%
L.A.S.S.I.
28%
Kopfjägerin
26%
Phönix
25%
Rammbock
25%
Elektroeule
24%
Kampfzeppelin
24%
Felsenwerfer
22%
Frosty
22%
Supergräber
21%
Belagerungskaserne
20%
Diggy
20%
Giftechse
20%
Mauervernichter
20%
Mächtiger Yak
18%
Flammenschleuder
13%
Kampfbohrer
12%
Riesenskelett
11%
El Primo
8%
Königsgeist
8%
Widderreiterin
8%
Kürbisbarbar
5%
Skelettfass
5%
Keine übereinstimmenden Quizze gefunden
Verteilung der Resultate
Anzahl Personen mit jedem Resultat
Perzentil nach korrekt beantworteten Fragen
Ihre Resultats-Entwicklung
Sie haben dieses Quiz noch nicht gespielt